AH International Schools' Libraries

Extreme 3-D Your Body! / (Record no. 49135)

MARC details
000 -LEADER
fixed length control field 00370nam a22001217a 4500
008 - FIXED-LENGTH DATA ELEMENTS--GENERAL INFORMATION
fixed length control field 250806b |||||||| |||| 00| 0 eng d
020 ## - INTERNATIONAL STANDARD BOOK NUMBER
International Standard Book Number 9781592233663
100 ## - MAIN ENTRY--PERSONAL NAME
Personal name Levine, Shar
9 (RLIN) 86479
245 ## - TITLE STATEMENT
Title Extreme 3-D Your Body! /
Medium Shar Levine
260 ## - PUBLICATION, DISTRIBUTION, ETC. (IMPRINT)
Place of publication, distribution, etc California
Name of publisher, distributor, etc Silver Dolphin Books
Date of publication, distribution, etc 2005
300 ## - PHYSICAL DESCRIPTION
Extent 48 pages
Other physical details col. ill.
Dimensions 9 x 0.75 x 11.25 inches
942 ## - ADDED ENTRY ELEMENTS (KOHA)
Source of classification or shelving scheme
Koha item type Book
Holdings
Withdrawn status Lost status Source of classification or shelving scheme Damaged status Not for loan Collection code Home library Current library Shelving location Date acquired Full call number Barcode Date last seen Price effective from Koha item type
          Non-Fiction Asian Hope Siem Reap Asian Hope Siem Reap Non Fiction 08/06/2025 612 LEV 209084 08/06/2025 08/06/2025 Book

For any Logos Library related questions please contact Miss Art at swongnarasuk@asianhope.org.

For any Asian Hope Library related questions please contact Miss Raza at graza@asianhope.org.

Powered by Koha